00979nam a22002177a 450000500170000001000340001702000260005103500150007703500140009203700090010608200110011524500940012625000060022026000490022627001190027530000200039494200250041499900190043995201650045895201380062320250619152154.0 aDEC24SC ENG-142973 ENG-145503 a9789358703122c799.00 aEN-126505  aEN-129035 bDBAD a53021 aJEE Main Physics Chapter-wise Solved Papers as per the New NTA Syllabus 2024/cBy S.chand a1 aNew DelhibS Chand and Company Limitedc2024 a A-27, 2nd Floor, Mohan Co-operative Industrial EstatebNew Delhie110044minfo@schandpublishing.comk011-49731800 a801p.c26cm(pb) 2ddccENh530mJEEe1 c207608d207608 001040708NFICaZLSbZLSd2024-12-11eDelivery of Books Divisiong799.00l5m4o530 JEEpEN-126505r2026-05-23 15:44:18s2026-05-13t1v799.00w2024-12-11yEN 001040708NFICaRC4SEELPbRC4SEELPd2025-06-19eDBADg799.00l0o530 JEEpEN-129035r2025-06-19 00:00:00t1v799.00w2025-06-19yEN